Glans, Karen (Record no. 251)
[ view plain ]
| 000 -LEADER | |
|---|---|
| fixed length control field | 00475nam a2200157Ia 4500 |
| 008 - FIXED-LENGTH DATA ELEMENTS--GENERAL INFORMATION | |
| fixed length control field | 151015s9999 xx 000 0 und d |
| 020 ## - INTERNATIONAL STANDARD BOOK NUMBER | |
| International Standard Book Number | 787957151 |
| 050 ## - LIBRARY OF CONGRESS CALL NUMBER | |
| Classification number | RA776.9.H434 2002 |
| 245 ## - TITLE STATEMENT | |
| Title | Glans, Karen |
| 250 ## - EDITION STATEMENT | |
| Edition statement | _Health behaviour and Health Education Theory,Research and practice karen Glanz |
| 260 ## - PUBLICATION, DISTRIBUTION, ETC. (IMPRINT) | |
| Place of publication, distribution, etc. | 3rd ed. |
| 300 ## - PHYSICAL DESCRIPTION | |
| Extent | San Francisco Josset-Bass 2002 |
| 500 ## - GENERAL NOTE | |
| General note | Includes index. |
| 650 ## - SUBJECT ADDED ENTRY--TOPICAL TERM | |
| Topical term or geographic name as entry element | _Health behaviour |
| 700 ## - ADDED ENTRY--PERSONAL NAME | |
| Personal name | ^d20101208 05:59:11^oanne |
No items available.